Trust in the land (Record no. 121076)
[ view plain ]
| 000 -LEADER | |
|---|---|
| fixed length control field | 02968nam a2200397 a 4500 |
| 082 04 - DEWEY DECIMAL CLASSIFICATION NUMBER | |
| Classification number | 333.2 |
| 100 1# - MAIN ENTRY--AUTHOR NAME | |
| Personal name | Middleton, Beth Rose, |
| 245 10 - TITLE STATEMENT | |
| Title | Trust in the land |
| 260 ## - PUBLICATION, DISTRIBUTION, ETC. (IMPRINT) | |
| Place of publication | Tucson : |
| Name of publisher | University of Arizona Press, |
| Year of publication | c2011. |
| 300 ## - PHYSICAL DESCRIPTION | |
| Number of Pages | xxii, 324 p. : |
| Other physical details | ill., map. |
| 490 1# - SERIES STATEMENT | |
| Series statement | First peoples : new directions in indigenous studies |
| 505 0# - FORMATTED CONTENTS NOTE | |
| Formatted contents note | The context of private conservation -- Environmental justice and tribal conservation -- Intertribal Sinkyone Wilderness Council (California) -- Native American Land Conservancy (California/National) -- The art and science of creating a 501(c)(3) Native American Land Conservancy / Kurt Russo -- Mitigation of tribal development : Yocha Dehe Wintun Nation (California) -- Senate Bill 18 (Burton) and mitigation of non-tribal development : Morongo Band of Mission Indians (California) -- Developing cultural conservation easements : Little Traverse Bay Bands of Odawa Indians (Michigan) -- Native nonprofits and petitioning tribes : Tsi-Akim Maidu (California) -- Alaska native lands : Kachemak Heritage Land Trust (Alaska) and Nushagak-Mulchatna Wood-Tikchik Land Trust (Alaska) -- Land purchases and fee-to-trust considerations : Jamestown S'klallam Tribe (Washington) -- Land purchases and fee-to-trust considerations : Eastern Band of Cherokee Indians (North Carolina) -- Watershed protection : Nisqually Indian Tribe (Washington) -- Partnerships for native land management : Cache Creek Conservancy Tending and Gathering Garden (California) -- Tribal resource conservation districts, the Coarsegold Resource Conservation District, and the Susanville Indian Rancheria (California). |
| 650 #0 - SUBJECT ADDED ENTRY--TOPICAL TERM | |
| Topical Term | Indians of North America |
| Topical Term | Land trusts |
| Topical Term | Conservation easements |
| Topical Term | Natural areas |
| Topical Term | Nature conservation |
| 856 40 - ELECTRONIC LOCATION AND ACCESS | |
| Uniform Resource Identifier | http://site.ebrary.com/lib/rucke/Doc?id=10485546 |
No items available.
